[Event "URS Spartakiad"]
[Site "URS"]
[Date "1979.??.??"]
[Round "?"]
[White "Kapengut, Albert Z"]
[Black "Gufeld, Eduard"]
[Result "1/2-1/2"]
[WhiteElo "2465"]
[BlackElo "2530"]

1.e4 c5 2.Nf3 d6 3.Bb5+ Bd7 4.Bxd7+ Qxd7 5.c4 Nf6 6.Nc3 Nc6 7.d4 cxd4 8.Nxd4 Qg4
9.O-O Qxd1 10.Rxd1 Nxd4 11.Rxd4 Rc8 12.Bg5 Nd7 13.b3 h6 14.Be3 g5 15.Rc1 Bg7
16.Rd2 Bxc3 17.Rxc3 a6 18.f3 f6 19.Rdc2 Kf7 20.Kf2 Rc6 21.Rc1 Rhc8 22.Bd4 Ke6
23.Ke2 Ne5 24.Kd2 Ng6 25.Rf1 h5 26.g3 Kd7 27.Rcc1 h4 28.a4 hxg3 29.hxg3 Rh8
30.Rh1 Rcc8  1/2-1/2

[Event "URS Spartakiad"]
[Site "URS"]
[Date "1979.??.??"]
[Round "?"]
[White "Ranniku, Maaja"]
[Black "Agababian, Naira"]
[Result "1/2-1/2"]
[WhiteElo "2250"]
[BlackElo "2200"]

1.e4 c5 2.Nf3 d6 3.Bb5+ Bd7 4.Bxd7+ Qxd7 5.O-O Nf6 6.Re1 Nc6 7.d4 cxd4 8.Nxd4 e6
9.c4 Be7 10.Nc3 O-O 11.Nc2 Rac8 12.b3 Rfd8 13.Ne3 a6 14.a4 Qc7 15.Re2 Qa5
16.Bb2 Qb6 17.Rb1 Na5 18.Ba1 Qc6 19.Qd4 b6 20.h3 Bf8 21.Rd2 Qc7 22.Qd3 Nc6
23.Qe2 Nb4 24.Rbd1 Qc6 25.e5 Ne8 26.Ng4 Be7 27.f4 dxe5 28.fxe5 Rxd2 29.Rxd2 Rd8
30.Kh1 Qc7 31.Ne4 Nc6 32.Bc3 h5 33.Rxd8 Bxd8 34.Ngf2 Nxe5 35.Qxh5 Ng6 36.Qf3 Nh4
37.Qd3 Nf5 38.c5 bxc5 39.Qxa6 Ng3+ 40.Nxg3 Qxg3 41.Qd3 Qxf2 42.Qxd8 Qf1+
43.Kh2 Qf4+ 44.Kg1 Qc1+ 45.Kf2 Qxc3 46.Qxe8+ Kh7 47.Qb5 Qd4+ 48.Ke2 Qe4+  1/2-1/2

[Event "URS Spartakiad"]
[Site "URS"]
[Date "1979.??.??"]
[Round "?"]
[White "Kruchonok, S."]
[Black "Chiburdanidze, Maia"]
[Result "0-1"]
[WhiteElo "2000"]
[BlackElo "2380"]

1.e4 c5 2.Nf3 d6 3.Bb5+ Nc6 4.O-O Bd7 5.c3 Nf6 6.Re1 a6 7.Bf1 Bg4 8.d3 g6
9.h3 Bxf3 10.Qxf3 Bg7 11.g3 O-O 12.Qe2 b5 13.Bg2 Qc7 14.Be3 Nd7 15.f4 Rab8
16.a3 a5 17.Qf3 Rfc8 18.Qf2 b4 19.axb4 axb4 20.d4 Na5 21.e5 Nb3 22.Ra6 cxd4
23.cxd4 Nb6 24.Nd2 Qc2 25.Ne4 Qd3 26.Qf1 Qxf1+ 27.Kxf1 Nc4 28.Ke2 Nxe3 29.Kxe3 Rc2
30.Re2 Rxe2+ 31.Kxe2 Nxd4+ 32.Kd3 dxe5 33.fxe5 Bxe5 34.g4 Ne6  0-1

[Event "URS Spartakiad"]
[Site "URS"]
[Date "1979.??.??"]
[Round "?"]
[White "Egin, Vladimir"]
[Black "Zilberman, Yaacov"]
[Result "1-0"]
[WhiteElo "2200"]
[BlackElo "2200"]

1.e4 c5 2.Nf3 d6 3.Bb5+ Bd7 4.Bxd7+ Qxd7 5.O-O Nf6 6.e5 dxe5 7.Nxe5 Qc8 8.Qf3 Nbd7
9.Nc4 e6 10.Nc3 Be7 11.d3 O-O 12.Bf4 a6 13.a4 b6 14.a5 Qd8 15.Qb7 b5 16.Nb6 Nxb6
17.axb6 b4 18.Nb5 Nd5 19.Bc7 Nxc7 20.Nxc7 Rb8 21.Qc6 Qd6 22.Qxd6 Bxd6 23.Rxa6 Rb7
24.Nb5 Be5 25.c4 bxc3 26.Nxc3 Rfb8 27.Na4 Bd4 28.Rc1 f6 29.Kf1 Kf7 30.Rc4 e5
31.Ra5 g6 32.Rb5 Ke7 33.b4 cxb4 34.Rc6 Rd7 35.Rxb4 Rbb7 36.Rbc4 Rd6 37.Rc7+ Rd7
38.R4c6 f5 39.Ke2 Ke8 40.Nc5 Bxc5 41.Rxc5 Rxb6 42.Rxe5+ Kd8 43.Rxd7+ Kxd7
44.Ra5 Ke6 45.Ke3 h6 46.h4 Kf6 47.Ra2 Rb4 48.Ra6+ Kg7 49.g3 Rg4 50.Rc6 Ra4
51.Rc4 Ra3 52.Rc7+ Kf6 53.Rh7 h5 54.Rc7 Ra2 55.Rc6+ Kf7 56.f3 Ra4 57.Rc4 Ra3
58.Kd4 Rb3 59.Rc7+ Kf6 60.Rc6+ Kf7 61.Rd6 f4 62.gxf4 Rb2 63.f5 gxf5 64.Ke5 Rh2
65.Rd4 Kg6 66.Ra4 Rh1 67.Ra6+ Kf7 68.Ra7+ Kg6 69.Ra6+ Kf7 70.d4 Rxh4 71.d5 Rh1
72.Rf6+ Ke7 73.Rh6 h4 74.Rh7+  1-0

[Event "URS Spartakiad"]
[Site "URS"]
[Date "1979.??.??"]
[Round "?"]
[White "Tseitlin, Mikhail S"]
[Black "Tseshkovsky, Vitaly"]
[Result "0-1"]
[WhiteElo "2505"]
[BlackElo "2550"]

1.e4 c5 2.Nf3 d6 3.Bb5+ Bd7 4.Bxd7+ Nxd7 5.c4 Ngf6 6.Nc3 Ne5 7.O-O e6 8.d3 Be7
9.Rb1 O-O 10.b4 cxb4 11.Rxb4 b6 12.Rb5 Rc8 13.a4 Nfd7 14.Ba3 Nc5 15.Ne1 Bf6
16.Ne2 d5 17.Bxc5 bxc5 18.f4 Nc6 19.e5 Be7 20.Nf3 a6 21.Rb1 dxc4 22.dxc4 Qa5
23.Rb7 Rb8 24.Rxb8 Rxb8 25.f5 Rd8 26.Qc2 Nd4 27.Nexd4 cxd4 28.fxe6 fxe6 29.Rd1 Qc3
30.Qxc3 dxc3 31.Rxd8+ Bxd8 32.Ne1 Bc7 33.Kf1 Bxe5 34.h3 Kf7 35.Ke2 Ke7 36.Nd3 Kd6
37.Kd1 Bd4 38.Kc2 e5 39.Nb4 a5 40.Nd3 g5 41.g4  0-1

[Event "URS Spartakiad"]
[Site "URS"]
[Date "1979.??.??"]
[Round "?"]
[White "Vasiukov, Evgeni"]
[Black "Yuferov, Sergey  N"]
[Result "1/2-1/2"]
[WhiteElo "2560"]
[BlackElo "2450"]

1.e4 c5 2.Nf3 d6 3.Bb5+ Bd7 4.Bxd7+ Qxd7 5.c4 Nf6 6.Nc3 Nc6 7.d4 cxd4 8.Nxd4 Qg4
9.O-O Qxd1 10.Rxd1 Nxd4 11.Rxd4 Rc8 12.b3 g6 13.Bb2 Bg7 14.Rd2 Nd7 15.f4 Bxc3
16.Bxc3 f6 17.e5 fxe5 18.fxe5 Nxe5 19.Rd5 Rf8 20.Bxe5 dxe5 21.Rxe5 Rd8 22.Rae1 Rd7
23.h4 Rf4 24.h5 Kf7 25.hxg6+ hxg6  1/2-1/2

[Event "URS Spartakiad"]
[Site "URS"]
[Date "1979.??.??"]
[Round "?"]
[White "Zatulovskaya, Tatiana"]
[Black "Zitserman, Tatyana"]
[Result "1-0"]
[WhiteElo "2160"]
[BlackElo "2000"]

1.e4 c5 2.Nf3 d6 3.Bb5+ Nc6 4.O-O Bd7 5.Re1 Nf6 6.c3 a6 7.Bf1 g6 8.h3 Bg7
9.d4 cxd4 10.cxd4 d5 11.e5 Ne4 12.Qb3 Qa5 13.Nc3 Nxc3 14.bxc3 O-O 15.Bd2 e6
16.Qxb7 Ra7 17.Qb3 Rb8 18.Qc2 Bf8 19.Reb1 Rab7 20.Rxb7 Rxb7 21.Rb1 Ra7 22.c4 Qc7
23.c5 a5 24.Bc3 Be7 25.Bd3 Bc8 26.Rb6 Rb7 27.Qb1 Bd8 28.Rxb7 Bxb7 29.h4 Bc8
30.h5 Qb7 31.Qd1 Nb4 32.Bb1 Qb5 33.a3 Nc6 34.Bd3 Qb7 35.Nh2 Qe7 36.Ng4 Qh4
37.hxg6 hxg6 38.g3 Qe7 39.Nf6+ Kg7 40.Qg4 Qf8 41.Bd2 Qh8 42.Bg5 Kf8 43.Bb5 Bb7
44.Nd7+ Kg7 45.Bf6+ Bxf6 46.exf6+ Kg8 47.Bxc6 Bxc6 48.Ne5 Bb7 49.Qh4 Qxh4
50.gxh4 Kf8 51.Kh2 Ke8  1-0

[Event "Warsaw zt-B"]
[Site "Warsaw"]
[Date "1979.??.??"]
[Round "3"]
[White "Ghinda, Mihail Viorel"]
[Black "Kuligowski, Adam"]
[Result "1-0"]
[WhiteElo "2455"]
[BlackElo "2495"]

1.e4 c5 2.Nf3 d6 3.Bb5+ Bd7 4.Bxd7+ Nxd7 5.O-O Ngf6 6.Re1 e6 7.b3 Be7 8.Bb2 O-O
9.c4 a6 10.d4 cxd4 11.Nxd4 Qc7 12.Nc3 Rfe8 13.Rc1 Bf8 14.Qe2 g6 15.Na4 Rac8
16.Nf3 Red8 17.h3 Be7 18.Rcd1 Ra8 19.Rc1 Rac8 20.Red1 Qc6 21.Nc3 Qc7 22.Rd2 Rb8
23.Rcd1 Qa5 24.Nd4 Rdc8 25.Nc2 Qc7 26.Nd4 Ne8 27.Kh1 Bg5 28.Rc2 Qa5 29.g3 b5
30.Nxe6 b4 31.Rd5 Nc5 32.Nxg5  1-0

[Event "Hoogovens"]
[Site "Wijk aan Zee"]
[Date "1979.??.??"]
[Round "11"]
[White "Dzindzichashvili, Roman"]
[Black "Sosonko, Gennadi"]
[Result "1/2-1/2"]
[WhiteElo "2595"]
[BlackElo "2535"]

1.e4 c5 2.Nf3 d6 3.Bb5+ Bd7 4.Bxd7+ Qxd7 5.O-O Nc6 6.d4 cxd4 7.Nxd4 g6 8.c4 Nf6
9.f3 Nxd4 10.Qxd4 Bg7 11.Nc3 O-O 12.Qd3 Rfc8 13.Be3 a6 14.a4 Qc7 15.b3 Qa5
16.Rac1 Qb4 17.Na2 Qa5 18.Nc3 Qb4 19.Na2 Qa5  1/2-1/2

[Event "BCF-ch"]
[Site "Brighton"]
[Date "1980.08.05"]
[Round "2"]
[White "Taulbut, Shaun M"]
[Black "Britton, Richard"]
[Result "1/2-1/2"]
[WhiteElo "2375"]
[BlackElo "2330"]

1.e4 c5 2.Nf3 d6 3.Bb5+ Bd7 4.Bxd7+ Qxd7 5.O-O Nf6 6.e5 dxe5 7.Nxe5 Qc8 8.d3 Nc6
9.Nc4 Qf5 10.Be3 e6 11.Nbd2 Be7 12.Nb3 O-O 13.a4 Rfd8 14.h3 Nd4 15.Nba5 Qd5
16.Re1 b6 17.Bxd4 cxd4 18.Re5 Qd7 19.Nb3 Bd6 20.Re1 Bc7 21.Qf3 Rac8 22.g3 Bb8
23.Kg2 Re8 24.Re2 e5 25.Nbd2 Rc6 26.Rae1 Rce6 27.b3 Nd5 28.Ne4 g6 29.Ng5 R6e7  1/2-1/2

[Event "AUS-ch"]
[Site "Adelaide"]
[Date "1980.??.??"]
[Round "?"]
[White "Shaw, Terrey Ian"]
[Black "Rogers, Ian"]
[Result "0-1"]
[WhiteElo "2330"]
[BlackElo "2345"]

1.e4 c5 2.Nf3 d6 3.Bb5+ Nd7 4.c3 Nf6 5.Qe2 a6 6.Ba4 e6 7.O-O Be7 8.d4 b5
9.Bc2 cxd4 10.cxd4 Bb7 11.Bg5 h6 12.Bh4 Rc8 13.Bd3 Nb6 14.Nbd2 Qd7 15.Rad1 Na4
16.Nb3 Nh5 17.Bb1 Bxh4 18.Nxh4 Nf4 19.Qd2 g5 20.Nf3 e5 21.dxe5 Qg4 22.Ne1 dxe5
23.f3 Qe6 24.g3 Qb6+ 25.Kh1 Ne6 26.Qd7+ Kf8 27.Nd3 f6 28.Nxe5 fxe5 29.Rd6 Rc6
30.f4 exf4 31.gxf4 g4 32.Rd5 Nec5 33.Qxg4 Rg6 34.Rf5+ Kg7 35.Rg1 Nxe4 36.Rf7+ Kxf7
37.Qd7+ Kf8 38.Rxg6 Ng3+  0-1

[Event "Baku"]
[Site "Baku"]
[Date "1980.??.??"]
[Round "12"]
[White "Mikhalchishin, Adrian"]
[Black "Gufeld, Eduard"]
[Result "1/2-1/2"]
[WhiteElo "2490"]
[BlackElo "2510"]

1.e4 c5 2.Nf3 d6 3.Bb5+ Bd7 4.Bxd7+ Qxd7 5.O-O Nf6 6.e5 dxe5 7.Nxe5 Qc8 8.Nc3 e6
9.d4 Nc6 10.Nxc6 Qxc6 11.dxc5 Bxc5 12.Bg5 Be7 13.Qe2 O-O 14.Rad1 h6 15.Bh4 Rfd8
16.Rxd8+ Rxd8  1/2-1/2

[Event "Berlin tt"]
[Site "Berlin-West"]
[Date "1980.??.??"]
[Round "?"]
[White "Iannacone, Ernesto"]
[Black "Borik, Otto"]
[Result "0-1"]
[WhiteElo "2200"]
[BlackElo "2390"]

1.e4 c5 2.Nf3 d6 3.Bb5+ Nc6 4.O-O Bd7 5.c3 a6 6.Bxc6 Bxc6 7.Re1 e5 8.d4 Qc7
9.Nbd2 b5 10.Nf1 Nf6 11.Ng3 g6 12.b3 Bg7 13.dxc5 dxc5 14.Bb2 Nd7 15.Qc2 O-O
16.c4 b4 17.Nd2 Bh6 18.Ndf1 Rfe8 19.Bc1 Bf4 20.Ne3 Bxe3 21.Bxe3 Bb7 22.Bh6 Nb8
23.Nf1 Nc6 24.Ne3 Nd4 25.Qd2 f5 26.exf5 gxf5 27.Ng4 Kh8 28.Bg5 Re6 29.Nxe5 Rg8
30.f3 Qg7 31.Bf4 Rxe5 32.Bxe5 Nxf3+ 33.Kh1 Nxe5  0-1

[Event "Berlin tt"]
[Site "Berlin-West"]
[Date "1980.??.??"]
[Round "?"]
[White "Dankert, Peter"]
[Black "Vetter, Herbert"]
[Result "0-1"]
[WhiteElo "2345"]
[BlackElo "2200"]

1.e4 c5 2.Nf3 d6 3.Bb5+ Nc6 4.O-O Bd7 5.Re1 Nf6 6.c3 a6 7.Bxc6 Bxc6 8.d4 Bxe4
9.Bg5 Bd5 10.Nbd2 e6 11.c4 Bxf3 12.Qxf3 cxd4 13.Qxb7 Qc8 14.Qf3 Be7 15.Nb3 h6
16.Bh4 O-O 17.Rac1 Rb8 18.Nxd4 Rxb2 19.Nc6 Qb7 20.Nxe7+ Qxe7 21.Qa3 Rb6 22.Re3 Rfb8
23.h3 Rb1 24.Ree1 R1b6 25.Re3 Rb1 26.Ree1 R1b6 27.f4 Rc6 28.Kh1 Rbc8 29.Rcd1 Rxc4
30.Qxa6 d5 31.Rb1 Qd8 32.Rf1 Ra8 33.Bxf6 gxf6 34.Qb6 Rxa2 35.Qb3 Rcc2 36.f5 e5
37.Qg3+ Kh7 38.Rg1 Qg8 39.Qb3 Rxg2  0-1

[Event "Berlin tt"]
[Site "Berlin-West"]
[Date "1980.??.??"]
[Round "?"]
[White "Van Baarle, C John"]
[Black "Pergericht, Daniel"]
[Result "1/2-1/2"]
[WhiteElo "2340"]
[BlackElo "2200"]

1.e4 c5 2.Nf3 d6 3.Bb5+ Bd7 4.Bxd7+ Qxd7 5.c4 Nf6 6.Nc3 Nc6 7.d4 cxd4 8.Nxd4 Qg4
9.Qxg4 Nxg4 10.Nxc6 bxc6 11.b3 g6 12.Bb2 Bg7 13.h3 Ne5 14.O-O-O O-O 15.f4 Bh6
16.Rhf1 Rfd8 17.g4 Nd7 18.g5 Bg7 19.h4 Nc5 20.Rfe1 a5 21.Re3 a4 22.Ne2 axb3
23.axb3 Rdb8 24.Bxg7 Kxg7 25.Kb2 Rb6 26.Nc1 Rab8 27.Rh1 Ne6 28.Rf1 Nd4 29.f5 c5
30.f6+ exf6 31.Rxf6 h6 32.e5 hxg5 33.hxg5 Ne6 34.exd6 Nxg5 35.Rf2 Rxd6 36.Nd3 Ne4
37.Rh2 f5 38.Nf4 Nd2 39.Kc2 Nf1 40.Re7+ Kf6 41.Rhe2 Rd2+  1/2-1/2

[Event "COL-ch"]
[Site "Bogota"]
[Date "1980.??.??"]
[Round "?"]
[White "Campora, Daniel H"]
[Black "Acosta, Alejandro"]
[Result "1-0"]
[WhiteElo "2415"]
[BlackElo "2210"]

1.e4 c5 2.Nf3 d6 3.Bb5+ Nd7 4.d4 Nf6 5.Nc3 cxd4 6.Qxd4 e5 7.Qd3 h6 8.Nd2 Be7
9.Nc4 O-O 10.Bxd7 Bxd7 11.Nxd6 Qc7 12.Nf5 Bxf5 13.exf5 e4 14.Qe2 Qe5 15.g4 Bb4
16.Bd2 Rfd8 17.a3 e3 18.Qxe3 Bxc3 19.Bxc3 Qb5 20.a4 Qa6 21.Bxf6 gxf6 22.Qb3 Re8+
23.Kd1 Rad8+ 24.Kc1 Qc6 25.f3 Re2 26.Kb1 Rdd2 27.Rc1 Rxh2 28.Ra3 Qd7 29.Qb5 Qd8
30.Re3 Kg7 31.Qxb7 Rd1 32.Re1 Rxe1 33.Rxe1 Qa5 34.Qe4 Qd2 35.Rc1 Rf2 36.Qb7 a5
37.Qe4 Qd6 38.Qe3 Qh2 39.Qc5 Rxf3 40.Qxa5 Rf4 41.c4 Rxg4 42.c5 Qe5 43.Qc3 Qe4+
44.Qc2 Qc6 45.Qf2 Rxa4 46.Rg1+ Kf8 47.Qg2 Re4 48.Rc1 Qa4 49.c6 Rc4 50.Qd5 Rxc1+
51.Kxc1 Qf4+ 52.Kc2 Qf2+ 53.Kc3 Qe3+ 54.Kc4 Qe2+ 55.Kb3 Qe3+ 56.Ka4 Qa7+
57.Qa5 Qd4+ 58.Qb4+ Qxb4+ 59.Kxb4 Ke7 60.Kc5 h5 61.Kb6  1-0

[Event "Capablanca mem-B"]
[Site "Cienfuegos"]
[Date "1980.??.??"]
[Round "?"]
[White "Ochoa de Echaguen, F Javier"]
[Black "Garcia, Gildardo"]
[Result "1/2-1/2"]
[WhiteElo "2410"]
[BlackElo "2440"]

1.e4 c5 2.Nf3 d6 3.Bb5+ Bd7 4.Bxd7+ Qxd7 5.c4 Nc6 6.O-O g6 7.d4 cxd4 8.Nxd4 Bg7
9.Be3 Nf6 10.f3 Rc8 11.Nc3  1/2-1/2

[Event "Capablanca mem-A"]
[Site "Cienfuegos"]
[Date "1980.??.??"]
[Round "?"]
[White "Estevez, Guillermo"]
[Black "Ortega, Lexy"]
[Result "0-1"]
[WhiteElo "2390"]
[BlackElo "2380"]

1.e4 c5 2.Nf3 d6 3.Bb5+ Bd7 4.Bxd7+ Qxd7 5.O-O Nc6 6.c3 Nf6 7.d4 Nxe4 8.Re1 d5
9.c4 e6 10.cxd5 Qxd5 11.Qe2 Nf6 12.Nc3 Qd7 13.Bg5 Nxd4 14.Nxd4 cxd4 15.Bxf6 gxf6
16.Red1 Rd8 17.Rd3 f5 18.Rad1 Bg7 19.Qh5 Bf6 20.Ne2 Rg8 21.f3 Qb5 22.b3 Ke7
23.f4 Rg4 24.h3 Rg6 25.Kh2 Qd5 26.Ng3 Rdg8 27.Re1 Kd7 28.Qxh7 R6g7 29.Qh5 Rh8
30.Qd1 Rg4 31.Rf1 Rhh4 32.Kg1 Rxf4 33.Rxf4 Rxf4 34.Nh5 Be5 35.Nxf4 Bxf4 36.Qh5 Be3+
37.Kh1 Ke7 38.Qh4+ f6 39.Qg3 Qc6 40.Rd1 Qc2 41.Qf3 Kd6 42.Rf1 Qe4 43.Qg3+ f4
44.Qg8 d3 45.Qb8+ Kd7 46.Qf8 d2 47.Qf7+ Kc6 48.Qxf6 Bd4 49.Qd8 Qe2 50.Qc8+ Kb6
51.Qd8+ Kc6 52.Qc8+ Kb6 53.Qd8+ Ka6 54.Qd6+ Bb6 55.Qa3+ Ba5 56.Qd6+ Bb6  0-1

[Event "Politiken Cup"]
[Site "Copenhagen"]
[Date "1980.??.??"]
[Round "1"]
[White "Auchenberg, Per"]
[Black "Morris, Walter D"]
[Result "1/2-1/2"]
[WhiteElo "2215"]
[BlackElo "2380"]

1.e4 c5 2.Nf3 d6 3.Bb5+ Bd7 4.Bxd7+ Qxd7 5.O-O Nc6 6.c3 Nf6 7.Re1 e6 8.d3 Be7
9.Nbd2 O-O 10.a4 Qc7 11.Nc4 Rfd8 12.Bf4 Nh5 13.Bg5 Bxg5 14.Nxg5 Nf6 15.Qe2 h6
16.Nf3 d5 17.Ncd2 e5 18.exd5 Nxd5 19.g3 Re8 20.Nc4 Nb6 21.Nfd2 Nxc4 22.Nxc4 Rad8
23.Qe3 b6 24.Qe4 Qd7 25.Re3 f5 26.Qf3 Qe6 27.Rae1 Qf6 28.Qe2 f4 29.gxf4 Qxf4
30.Nxe5 Nxe5 31.Rxe5 Rxe5 32.Qxe5 Qxa4 33.Qe6+ Kh8 34.Qg6 Qd7 35.Re3 Rf8
36.Kf1 Qa4 37.Re7 Qd1+ 38.Re1 Qf3 39.Qg3 Qf6 40.Re3 Qf7 41.Re4 Rd8 42.Re3 a5
43.Qf3 Qd7 44.Qh5 Qc6  1/2-1/2

[Event "Politiken Cup"]
[Site "Copenhagen"]
[Date "1980.??.??"]
[Round "10"]
[White "Wicker, Kevin J"]
[Black "Fuglsang, Flemming"]
[Result "0-1"]
[WhiteElo "2340"]
[BlackElo "2205"]

1.e4 c5 2.Nf3 d6 3.Bb5+ Bd7 4.Bxd7+ Qxd7 5.O-O g6 6.c3 Bg7 7.d4 cxd4 8.cxd4 Nf6
9.Nc3 O-O 10.Qe2 Nc6 11.h3 Rfd8 12.Rd1 Rac8 13.Bg5 h6 14.Bf4 d5 15.e5 Ne8
16.Qd2 Kh7 17.Nh2 Nc7 18.Ng4 h5 19.Nh2 Ne6 20.Be3 Qe8 21.f4 Bh6 22.Ne2 Qg8
23.Rf1 f5 24.exf6 exf6 25.f5 Bxe3+ 26.Qxe3 Ng5 27.Nf4 Re8 28.Qb3 gxf5 29.Nxh5 Qf7
30.Nf4 Nxd4 31.Qg3 Re4 32.Kh1 Rc2 33.h4 Nge6 34.Nxd5 Ne2 35.Qh3 Qg6 36.g4 fxg4
37.Nxg4 Rf4 38.Ngxf6+ Kh8 39.Rg1 Rxf6 40.Rxg6 Rxg6 41.Ne3 N6f4 42.Qf3 Rg3
43.Qxf4 Rh3+ 44.Qh2 Ng3+  0-1

[Event "DEN-chJ int"]
[Site "?"]
[Date "1980.??.??"]
[Round "?"]
[White "King, Daniel J"]
[Black "Hartman, Christer"]
[Result "1/2-1/2"]
[WhiteElo "2330"]
[BlackElo "2200"]

1.e4 c5 2.Nf3 d6 3.Bb5+ Nc6 4.O-O Bd7 5.Re1 a6 6.Bxc6 Bxc6 7.c3 Nf6 8.d4 Bxe4
9.Bg5 Bd5 10.Bxf6 gxf6 11.Nbd2 c4 12.b3 Rc8 13.bxc4 Bxc4 14.Nxc4 Rxc4 15.Nd2 Rc7
16.Ne4 Bg7 17.Qg4 Kf8 18.d5 h5 19.Qf3 Qc8 20.Ng3 f5 21.Nxf5 Bxc3 22.Nxe7 Qg4
23.Qxg4 hxg4 24.Rac1 Rh5 25.Re3 Rxe7 26.Rxe7 Kxe7 27.Rxc3 Rxd5 28.h3 Rd1+
29.Kh2 gxh3 30.gxh3 Rd2 31.Kg3 Rxa2 32.Rc7+ Ke6 33.Rxb7 d5 34.h4 Ra3+ 35.f3 Ra1
36.h5 Rh1 37.Kf4 Rxh5 38.Rb6+ Ke7 39.Rxa6 f6 40.Ke3 Rf5 41.Kd4 Kf7 42.Ra5 Kg6
43.Rxd5 Rxf3 44.Ke4 Ra3 45.Kf4 Ra4+ 46.Kf3 Ra1 47.Rb5  1/2-1/2

[Event "Fyn"]
[Site "DEN"]
[Date "1980.??.??"]
[Round "?"]
[White "Fries Nielsen, Jens Ove"]
[Black "Morris, Walter D"]
[Result "1-0"]
[WhiteElo "2355"]
[BlackElo "2380"]

1.e4 c5 2.Nf3 d6 3.Bb5+ Bd7 4.Bxd7+ Qxd7 5.O-O Nf6 6.e5 dxe5 7.Nxe5 Qc8 8.d4 e6
9.Bg5 Be7 10.Nc3 cxd4 11.Qxd4 Nc6 12.Qa4 O-O 13.Nxc6 bxc6 14.Rad1 Qb7 15.Bc1 c5
16.a3 Rac8 17.Qc4 Rfd8 18.b3 Nd5 19.Na4 Bd6 20.g3 Qe7 21.Qa6 Qc7 22.c4 Nb6
23.Nc3 Qe7 24.Rfe1 f5 25.a4 Na8 26.Bg5 Qxg5 27.Rxd6 Nc7 28.Rxd8+ Qxd8 29.Qxa7 f4
30.Qxc5 Qd2 31.Qe5 Rf8 32.Nb1 Qb4 33.Qc3 Qe7 34.Nd2 Qf7 35.Ne4 f3 36.Qe5 Qg6
37.Qxc7 Qf5 38.g4  1-0

[Event "Favorite"]
[Site "Hamburg"]
[Date "1980.??.??"]
[Round "1"]
[White "Karlsson, Lars"]
[Black "Nemet, Ivan"]
[Result "1-0"]
[WhiteElo "2405"]
[BlackElo "2460"]

1.Nf3 c5 2.e4 d6 3.Bb5+ Nd7 4.O-O Nf6 5.Re1 a6 6.Bf1 Ne5 7.Nxe5 dxe5 8.d3 e6
9.a4 b6 10.Nd2 Bb7 11.Nc4 Nd7 12.Bd2 Be7 13.Bc3 Qc7 14.Qh5 Bf6 15.b4 O-O
16.b5 g6 17.Qd1 Bg7 18.Qb1 a5 19.Qb2 f6 20.Re2 h5 21.g3 Rf7 22.Bh3 Nf8 23.Rf1 g5
24.f3 Re8 25.Qc1 Ng6 26.Bd2 Qd8 27.Bg2 Bc8 28.Ref2 Bf8 29.Qd1 Rh7 30.f4 exf4
31.gxf4 g4 32.Bc3 Nh4 33.Qa1 f5 34.Re1 Nxg2 35.Rxg2 Bb7 36.Bf6 Be7 37.Bxe7 Rexe7
38.Qe5 fxe4 39.dxe4 Rhg7 40.Rd2 Qf8 41.Red1 Qf7 42.Rd8+ Kh7 43.Qb8 Rg8 44.Rxg8 Qxg8
45.Qxg8+ Kxg8 46.Rd8+ Kg7 47.Nd6 h4 48.Rb8 Bxe4 49.Nxe4 Rd7 50.Nf2 Rd2 51.Rxb6 Rxc2
52.Rxe6 h3 53.Kf1 c4 54.Nxg4 c3 55.Rc6 Ra2 56.Rxc3 Rxa4 57.Rc7+ Kg6 58.Rc5 Ra1+
59.Kf2 Rb1  1-0

[Event "Favorite"]
[Site "Hamburg"]
[Date "1980.??.??"]
[Round "3"]
[White "Karlsson, Lars"]
[Black "Holm Petersen, Sejer"]
[Result "1/2-1/2"]
[WhiteElo "2405"]
[BlackElo "2395"]

1.Nf3 c5 2.e4 d6 3.Bb5+ Bd7 4.Bxd7+ Qxd7 5.O-O Nc6 6.c3 Nf6 7.Re1 e6 8.d3 Be7
9.a4 O-O 10.Nbd2 d5 11.Qe2 Kh8 12.Nb3 Qc7 13.Bg5 Qb6 14.Nc1 Rad8 15.e5 Nd7
16.a5 Qc7 17.Bxe7 Nxe7 18.Ra4 Ng6 19.d4 c4 20.Ng5 h6 21.Nh3 Qc6 22.Ra1 f6
23.Qg4 Kh7 24.f4 f5 25.Qd1 Ne7 26.Na2 Nb8 27.Nb4 Qe8 28.Kh1 Rc8 29.Qa4 Qxa4
30.Rxa4 Rc7 31.Nc2 Rfc8 32.Ng1 g5 33.Nh3 Kg6 34.Kg1 Nec6 35.Kf2 a6 36.Rb1 Na7
37.Ng1 Nbc6 38.h4 g4 39.Ne2 Rb8 40.Nb4 Nxb4 41.Rxb4 Nb5 42.Ra1 Kf7 43.Ke3 Ke8
44.Kd2 Kd7 45.Ng3 Rc6 46.Nf1 Rbc8 47.Ne3 R8c7 48.Nc2 Kc8 49.Rba4 Rg7 50.Rb1 Kb8
51.Ra2 Rc8 52.Ne3 Rgc7 53.Nc2 Rc6 54.Ra4 R6c7 55.Rc1 Rg8 56.Rb4 Rgc8 57.Ra4 Rc6
58.Nb4 R6c7 59.Nc2 Rc6 60.Nb4 R6c7 61.Nc2 Rc6  1/2-1/2

[Event "Favorite"]
[Site "Hamburg"]
[Date "1980.??.??"]
[Round "6"]
[White "Dankert, Peter"]
[Black "Cording, Harm"]
[Result "1/2-1/2"]
[WhiteElo "2345"]
[BlackElo "2290"]

1.e4 c5 2.Nf3 d6 3.Bb5+ Bd7 4.Bxd7+ Nxd7 5.O-O Ngf6 6.Re1 e6 7.b3 Be7 8.Bb2 O-O
9.d4 cxd4 10.Nxd4 a6 11.c4 Rc8 12.Nc3 Qa5 13.Rc1 Rfe8 14.Qd3 Qh5 15.h3 Ne5
16.Qg3 Qh6 17.Rcd1 Nh5 18.Qh2 Nf4 19.Bc1 g5 20.Qg3 Kh8 21.Nde2 Rg8 22.Kf1 Nh5
23.Qe3 Qf6 24.g4 Ng7 25.Kg2 Ng6 26.Kf1 Ne5 27.Kg2 Ng6 28.Kf1  1/2-1/2

[Event "Favorite"]
[Site "Hamburg"]
[Date "1980.??.??"]
[Round "7"]
[White "Cording, Harm"]
[Black "Holm Petersen, Sejer"]
[Result "0-1"]
[WhiteElo "2290"]
[BlackElo "2395"]

1.e4 c5 2.Nf3 d6 3.Bb5+ Bd7 4.Bxd7+ Qxd7 5.O-O Nc6 6.c3 Nf6 7.d4 Nxe4 8.d5 Nb8
9.Re1 Nf6 10.Bg5 Na6 11.c4 e5 12.dxe6 fxe6 13.Nc3 Be7 14.Qe2 Nc7 15.Rad1 a6
16.Ne5 Qd8 17.Nd3 Nd7 18.Bxe7 Qxe7 19.Ne4 O-O 20.Nxd6 Qxd6  0-1

[Event "Hamburg HSK"]
[Site "Hamburg"]
[Date "1980.??.??"]
[Round "10"]
[White "Bellin, Robert"]
[Black "Kunsztowicz, Uwe"]
[Result "1/2-1/2"]
[WhiteElo "2440"]
[BlackElo "2365"]

1.e4 c5 2.Nf3 d6 3.Bb5+ Bd7 4.Bxd7+ Qxd7 5.O-O Nf6 6.e5 Nd5 7.exd6 e6 8.Nc3 Nxc3
9.bxc3 Bxd6 10.c4 Nc6 11.Bb2 O-O 12.Re1 Rad8 13.d3 Qc7 14.h3 Rfe8 15.Bc3 f6
16.Rb1 Qf7 17.Rb5 Rd7 18.a4 h6 19.Qa1 Kh7 20.Re2 Ne7 21.Nd2 a6 22.Rb3 Ng6
23.g3 f5 24.Nf3 e5 25.Rb1 e4 26.Rbe1 Rde7 27.Nd2 exd3 28.Rxe7 Rxe7 29.cxd3 f4
30.Ne4 fxg3 31.fxg3 Qf3 32.Qd1 Rf7 33.Qxf3 Rxf3 34.Nxd6 Rxg3+ 35.Kf2 Rxd3
36.Ne4 Rxh3 37.Rb1 Ne7 38.Rxb7 Nf5 39.Nf6+ Kg6 40.Nd5 Rh2+ 41.Kf3 Rh4 42.Rb6+ Kf7
43.Rxa6 Rxc4 44.a5 h5 45.Rb6 h4 46.a6 Ra4 47.Be5 h3 48.Nc7 Ra3+ 49.Kf2 Ne3
50.Rb7 Ng4+ 51.Kg1 Rd3 52.Kf1 Nxe5 53.a7 Rd1+ 54.Ke2 h2 55.a8=Q h1=Q 56.Qe8+ Kf6
57.Qe6+ Kg5 58.Qxe5+ Kh4 59.Qf4+ Kh5 60.Qf5+ g5 61.Qh7+  1/2-1/2

[Event "Favorite"]
[Site "Hamburg"]
[Date "1980.??.??"]
[Round "13"]
[White "Dankert, Peter"]
[Black "Holm Petersen, Sejer"]
[Result "1-0"]
[WhiteElo "2345"]
[BlackElo "2395"]

1.e4 c5 2.Nf3 d6 3.Bb5+ Bd7 4.Bxd7+ Qxd7 5.O-O Nf6 6.Qe2 e6 7.c3 Be7 8.d4 cxd4
9.cxd4 d5 10.e5 Ne4 11.Rd1 Nc6 12.Ne1 f5 13.f3 Ng5 14.Be3 O-O 15.Nd3 b6 16.Nd2 f4
17.Bf2 h5 18.Kh1 Nb4 19.a3 Nxd3 20.Qxd3 Rfc8 21.Nb1 Bf8 22.Nc3 Qf7 23.Rac1 Nh7
24.Qa6 Qf5 25.Bg1 Ng5 26.Bf2 Rc4 27.Ne2 Rc2 28.Rxc2 Qxc2 29.Qd3 Rc8 30.h4 Qxd3
31.Rxd3 Rc2 32.Nxf4 Rxf2 33.hxg5 Kf7 34.Rc3  1-0

[Event "Malta ol (Women)"]
[Site "La Valetta"]
[Date "1980.??.??"]
[Round "?"]
[White "Van Parreren, Hanneke"]
[Black "Csonkics, Tunde"]
[Result "0-1"]
[WhiteElo "2040"]
[BlackElo "2150"]

1.e4 c5 2.Nf3 d6 3.Bb5+ Bd7 4.Bxd7+ Qxd7 5.c4 e5 6.Nc3 g6 7.d3 Bg7 8.Nd5 Nc6
9.Qa4 Rc8 10.O-O h6 11.Bd2 Nge7 12.a3 O-O 13.b4 f5 14.Rab1 b6 15.Bc3 fxe4
16.Nxe7+ Qxe7 17.dxe4 Nd4 18.Bxd4 cxd4 19.Qb3 Qe6 20.Rfc1 Kh7 21.Ne1 h5 22.Nd3 Qg4
23.f3 Rxf3 24.c5 dxc5 25.bxc5 Qg5 26.Qe6 Rcf8 27.Rd1 bxc5 28.Nxc5 Rf2 29.Qh3 R8f3
30.g3 Qe3 31.Kh1 Rf7 32.Rb3 Qe2 33.Rbb1 d3 34.Nxd3 Qxe4+ 35.Kg1 Re2 36.Rb4 Qe3+
37.Kh1 e4 38.Nf4 Qf3+ 39.Kg1 Rxf4  0-1

[Event "Malta ol (Men)"]
[Site "La Valetta"]
[Date "1980.??.??"]
[Round "?"]
[White "Knight, Timothy"]
[Black "Kisubi"]
[Result "1-0"]
[WhiteElo "2200"]
[BlackElo "2200"]

1.e4 c5 2.Nf3 d6 3.Bb5+ Bd7 4.Bxd7+ Nxd7 5.O-O Ngf6 6.Re1 e6 7.c4 Be7 8.Nc3 O-O
9.d3 a6 10.a4 Ng4 11.Nd2 Nde5 12.Qe2 f5 13.f4 Nc6 14.exf5 exf5 15.Qe6+ Kh8
16.Nd5 Bf6 17.Nxf6 Qxf6 18.Qxf6 Nxf6 19.Nf3 Nb4 20.Rd1 Rae8 21.Bd2 Nxd3 22.Bc3 Nxf4
23.Rxd6 Ne4 24.Rd7 Nxc3 25.bxc3 Re3 26.Rxb7 Rxc3 27.Ra7 Nd3 28.Rxa6 Nb4 29.Rb6 Rxc4
30.a5 Ra8 31.a6 h6 32.a7 Rxa7 33.Rxa7  1-0

[Event "Malta ol (Men)"]
[Site "La Valetta"]
[Date "1980.??.??"]
[Round "?"]
[White "Kurajica, Bojan"]
[Black "Balashov, Yuri S"]
[Result "1/2-1/2"]
[WhiteElo "2505"]
[BlackElo "2600"]

1.e4 c5 2.Nf3 d6 3.Bb5+ Nc6 4.O-O Bd7 5.Re1 Nf6 6.d4 cxd4 7.Nxd4 e6 8.Nxc6 bxc6
9.Bf1 Be7 10.b3 O-O 11.Ba3 c5 12.Nd2 Bc6 13.Bb2 Qc7 14.Qf3 Rad8 15.Qg3 Nh5
16.Qg4 Nf6 17.Qg3 Nh5 18.Qg4 Nf6 19.Qg3 Nh5  1/2-1/2

[Event "Malta ol (Men)"]
[Site "La Valetta"]
[Date "1980.??.??"]
[Round "?"]
[White "Ermenkov, Evgenij"]
[Black "Gheorghiu, Florin"]
[Result "1/2-1/2"]
[WhiteElo "2495"]
[BlackElo "2605"]

1.e4 c5 2.Nf3 d6 3.Bb5+ Bd7 4.Bxd7+ Qxd7 5.O-O Nc6 6.c3 Nf6 7.Re1 e6 8.d4 cxd4
9.cxd4 d5 10.e5 Ne4 11.Nbd2 Nxd2 12.Bxd2 Be7 13.Rc1 O-O 14.Qb3  1/2-1/2